[Event "International Championship of Central Se"]
[Site "Paracin, hotel "]
[Date "2013.07.11"]
[Round "8.1"]
[White "Radovic, Janko"]
[Black "Cica, Dragan"]
[Result "1-0"]
[WhiteElo "2038"]
[BlackElo "2063"]
[Annotator "Natasa"]
[PlyCount "90"]
[EventDate "2013.07.05"]

1. e4 c5 2. c3 Nf6 3. e5 Nd5 4. d4 cxd4 5. cxd4 Nc6 6. Bc4 e6 7. Nf3 d6 8. O-O
Be7 9. Qe2 O-O 10. a3 a6 11. Bd3 Qe8 12. Nc3 Nxc3 13. bxc3 f5 14. exf6 Bxf6 15.
Ng5 Bxg5 16. Bxg5 e5 17. d5 Ne7 18. f4 Bf5 19. fxe5 Bxd3 20. Qxd3 dxe5 21. d6
Nc6 22. Rxf8+ Qxf8 23. Rf1 Qb8 24. Qd5+ Kh8 25. d7 Qg8 26. Qd6 h6 27. d8=Q Nxd8
28. Rf8 Nf7 29. Rxg8+ Rxg8 30. Qe7 Nxg5 31. Qxe5 Nf7 32. Qe7 Nd8 33. c4 Kh7 34.
h4 h5 35. c5 Rh8 36. Qg5 g6 37. Qe7+ Kh6 38. Kf2 Rg8 39. Ke3 Rh8 40. Kd3 Rg8
41. Ke4 Rh8 42. Kd5 Rg8 43. Kd6 Rh8 44. Kc7 Nc6 45. Qg5+ Kg7 {unreadable} 1-0

[Event "International Championship of Central Se"]
[Site "Paracin, hotel "]
[Date "2013.07.11"]
[Round "8.2"]
[White "Janjic, Jovo"]
[Black "Rasic, Jovan"]
[Result "0-1"]
[WhiteElo "2008"]
[BlackElo "2085"]
[PlyCount "116"]
[EventDate "2013.07.05"]

1. e4 g6 2. Nf3 Bg7 3. d4 d6 4. h3 Nc6 5. Nc3 e5 6. Be3 exd4 7. Nxd4 Nge7 8.
Bb5 O-O 9. Bxc6 bxc6 10. O-O c5 11. Nde2 Nc6 12. Rb1 Rb8 13. b3 Ba6 14. Re1 Re8
15. f3 Nb4 16. a3 Nc6 17. Qd2 Ne5 18. Bg5 f6 19. Bh4 Bc8 20. Bg3 Be6 21. Bxe5
fxe5 22. Red1 Rf8 23. Qe1 Bf6 24. Nd5 Bh4 25. Qf1 Rf7 26. Kh2 Qf8 27. Ng1 Qh6
28. Qe2 Rbf8 29. Ne3 Bg5 30. Nf1 Bf4+ 31. Kh1 Qg5 32. c3 h5 33. b4 c4 34. b5
Qh6 35. a4 h4 36. Nh2 Be3 37. Rf1 Qf4 38. Ng4 Bxg4 39. fxg4 Qg3 40. Rxf7 Rxf7
41. Rf1 Bxg1 42. Rxg1 Qxc3 43. Qe1 Qd3 44. Qb1 Qxb1 45. Rxb1 Rf4 46. Re1 Kf7
47. Kg1 Ke6 48. g3 hxg3 49. Kg2 d5 50. exd5+ Kxd5 51. Kxg3 c3 52. Rd1+ Rd4 53.
Rc1 Kc4 54. h4 Kd3 55. h5 gxh5 56. gxh5 Kd2 57. Rh1 c2 58. Rh2+ Kc3 0-1

[Event "International Championship of Central Se"]
[Site "Paracin, hotel "]
[Date "2013.07.11"]
[Round "8.3"]
[White "Kostic, Tomislav"]
[Black "Ljangov, Petar"]
[Result "0-1"]
[WhiteElo "1978"]
[BlackElo "2010"]
[Annotator "Natasa"]
[PlyCount "115"]
[EventDate "2013.07.05"]

1. e4 c5 2. Nf3 d6 3. d4 cxd4 4. Nxd4 Nf6 5. Nc3 a6 6. h3 g6 7. Be3 Bg7 8. Qd2
O-O 9. O-O-O b5 10. Bh6 b4 11. Bxg7 Kxg7 12. Nd5 Nxe4 13. Qe3 Nf6 14. Nxf6 exf6
15. Qf3 Ra7 16. Nc6 Nxc6 17. Qxc6 Be6 18. Rxd6 Qa5 19. Qb6 Qxb6 20. Rxb6 a5 21.
a3 bxa3 22. bxa3 Rc8 23. Bd3 Rc5 24. Rb5 Rxb5 25. Bxb5 Kf8 26. Rd1 Ke7 27. c4
Rc7 28. Rd4 h5 29. Kc2 Rc5 30. Kc3 Rg5 31. Bc6 Rf5 32. Rd2 Rf4 33. Bb5 Rf5 34.
Bc6 Rf4 35. Rd4 Rf5 36. Bd5 Rxf2 37. c5 Rf4 38. c6 f5 39. Bf3 Rxd4 40. Kxd4 Kd6
41. h4 f6 42. g3 Bf7 43. c7 Kxc7 44. Kc5 Be8 45. Bd5 g5 46. Bg2 f4 47. gxf4
gxh4 48. Bh3 Bd7 49. f5 Bc6 50. Bf1 a4 51. Kd4 Kd6 52. Bh3 Bf3 53. Bf1 Bg4 54.
Kc4 h3 55. Kb4 h2 56. Bg2 Bh3 57. Bh1 h4 58. Ba8 {unreadable} 0-1

[Event "International Championship of Central Se"]
[Site "Paracin, hotel "]
[Date "2013.07.11"]
[Round "8.4"]
[White "Grbic, Branko"]
[Black "Milosavljevic, Milica"]
[Result "1/2-1/2"]
[WhiteElo "1984"]
[BlackElo "1926"]
[PlyCount "111"]
[EventDate "2013.07.05"]

1. e4 c5 2. Nf3 d6 3. d4 cxd4 4. Nxd4 Nf6 5. Nc3 a6 6. Be2 e5 7. Nb3 Be7 8. O-O
Be6 9. f4 exf4 10. Bxf4 Nc6 11. Kh1 O-O 12. Nd4 Nxd4 13. Qxd4 Rc8 14. Rad1 Rc6
15. Rd2 Nd7 16. Nd5 Bg5 17. Bxg5 Qxg5 18. Rf3 Re8 19. Rg3 Qe5 20. Qxe5 dxe5 21.
c4 Kf8 22. b4 Nf6 23. Nxf6 gxf6 24. c5 Rcc8 25. Rgd3 Rc7 26. g4 Rec8 27. Kg2
Kg7 28. Kf2 Kg6 29. a4 a5 30. Rb2 axb4 31. Rxb4 Rxc5 32. Rxb7 Rc2 33. Ke3 Bc4
34. Rd2 Bxe2 35. Kxe2 Rxd2+ 36. Kxd2 Rc4 37. Ke3 Rxa4 38. Rb2 Ra3+ 39. Kf2 Kg5
40. Rb7 Ra2+ 41. Kg3 Ra3+ 42. Kf2 Rh3 43. Rxf7 Kxg4 44. Rxf6 Rxh2+ 45. Ke3 Rh3+
46. Kf2 Rh5 47. Ke3 Rg5 48. Rh6 Rg7 49. Re6 h5 50. Rxe5 h4 51. Kf2 h3 52. Ra5
h2 53. Kg2 Rh7 54. Kh1 Kf4 55. Ra2 Kxe4 56. Rxh2 1/2-1/2

[Event "International Championship of Central Se"]
[Site "Paracin, hotel "]
[Date "2013.07.11"]
[Round "8.5"]
[White "Pribanovic, Milivoje"]
[Black "Lazic, Milan B"]
[Result "0-1"]
[WhiteElo "1841"]
[BlackElo "1978"]
[PlyCount "104"]
[EventDate "2013.07.05"]

1. e4 c5 2. Nf3 Nc6 3. d4 cxd4 4. Nxd4 g6 5. Nc3 Bg7 6. Be3 Nf6 7. Bc4 O-O 8.
f3 Qb6 9. Bb3 Ng4 10. fxg4 Bxd4 11. Bxd4 Qxd4 12. Qxd4 Nxd4 13. O-O-O Nxb3+ 14.
axb3 f6 15. Nd5 Rf7 16. Rhe1 d6 17. h3 Bd7 18. Rd3 Rc8 19. Rc3 Rxc3 20. bxc3 e6
21. Nb4 a5 22. Nd3 Bc6 23. Nf4 Re7 24. c4 Kf7 25. Kd2 Re8 26. Re2 Ra8 27. Kc3
Ke7 28. Nd3 b6 29. Kd4 Bb7 30. Nb2 Bc6 31. Nd3 g5 32. Rf2 Rh8 33. Ne1 h5 34.
gxh5 Rxh5 35. Nf3 Rh8 36. Ke3 Rg8 37. Nd4 Bd7 38. g4 Ra8 39. c3 e5 40. Nf5+
Bxf5 41. exf5 a4 42. b4 Rh8 43. Rh2 a3 44. Ke4 Kd7 45. Kd5 Ra8 46. Rg2 Rb8 47.
Ke4 Kc6 48. Kd3 b5 49. cxb5+ Kxb5 50. Rg1 a2 51. Kc2 Kc4 52. Kb2 e4 0-1

[Event "International Championship of Central Se"]
[Site "Paracin, hotel "]
[Date "2013.07.11"]
[Round "8.6"]
[White "Tomic, Slobodan"]
[Black "Milosavljevic, Marija"]
[Result "1/2-1/2"]
[WhiteElo "2082"]
[BlackElo "1901"]
[PlyCount "106"]
[EventDate "2013.07.05"]

1. c4 Nf6 2. Nc3 g6 3. g3 Bg7 4. e4 d6 5. Bg2 O-O 6. Nge2 c5 7. O-O Nc6 8. d3
Rb8 9. Be3 Ng4 10. Bg5 h6 11. Bd2 a6 12. Rb1 Nf6 13. a4 Ne8 14. Be3 Nd4 15. b4
Nc7 16. b5 a5 17. f3 Nce6 18. Qd2 Kh7 19. f4 Nxe2+ 20. Nxe2 Nd4 21. Bf2 b6 22.
Nxd4 cxd4 23. Qe2 e5 24. Be1 Re8 25. g4 Kg8 26. f5 Bf6 27. Qf3 g5 28. Bd2 Kg7
29. Qd1 Rh8 30. Bf3 Bb7 31. Kf2 Rc8 32. Rh1 Qe7 33. Qc2 Qd8 34. Qa2 Qe7 35.
Rbg1 Qd8 36. Qa1 Qe7 37. Qc1 Qd8 38. Rg2 Qe7 39. h4 Rcd8 40. Rgh2 Rc8 41. hxg5
hxg5 42. Rh5 Rxh5 43. Rxh5 Rh8 44. Bxg5 Rxh5 45. Bxf6+ Qxf6 46. gxh5 Qh4+ 47.
Kg2 Kh7 48. Qd2 Bc8 49. Kf1 Qg3 50. Qf2 Qxf2+ 51. Kxf2 f6 52. Kg3 Kh6 53. Kh4
Bd7 1/2-1/2

[Event "International Championship of Central Se"]
[Site "Paracin, hotel "]
[Date "2013.07.11"]
[Round "8.7"]
[White "Ostojic, Nikola M"]
[Black "Chetina, Elizaveta"]
[Result "1-0"]
[WhiteElo "2068"]
[BlackElo "1881"]
[PlyCount "125"]
[EventDate "2013.07.05"]

1. d4 Nf6 2. c4 e6 3. Nc3 d5 4. Bg5 Nbd7 5. e3 c6 6. Nf3 Qa5 7. Nd2 Bb4 8. Qc2
dxc4 9. Bxf6 Nxf6 10. Nxc4 Qc7 11. a3 Bxc3+ 12. bxc3 b5 13. Ne5 Bb7 14. Bd3 a6
15. a4 O-O 16. O-O g6 17. Rfb1 Nd7 18. f4 Nb6 19. c4 bxc4 20. Bxc4 Rab8 21. a5
Nd7 22. Nxd7 Qxd7 23. Rb6 Ra8 24. Rab1 Ra7 25. Qb3 Bc8 26. Qb4 Rd8 27. Qc5 Bb7
28. Be2 Rc8 29. h3 Rc7 30. Rc1 Qd5 31. Bf3 Qa2 32. Qe5 Qd2 33. Rc5 Rc8 34. Bxc6
Bxc6 35. Rbxc6 Rxc6 36. Rxc6 Ra8 37. Kh2 Qa2 38. Rb6 Qa3 39. Rb7 Rf8 40. Ra7
Qd3 41. Rd7 Qc3 42. e4 Qd2 43. f5 exf5 44. exf5 Qh6 45. f6 Qd2 46. Ra7 Qd3 47.
Re7 h6 48. d5 Qb5 49. d6 Qxe5+ 50. Rxe5 Rd8 51. d7 Rxd7 52. Re8+ Kh7 53. Re7
Rd6 54. Rxf7+ Kh8 55. Rf8+ Kh7 56. Rf7+ Kh8 57. Kg3 g5 58. Kg4 Kg8 59. Rg7+ Kf8
60. Kf5 Ke8 61. Ra7 Kf8 62. Kg6 Rd8 63. Kxh6 1-0

[Event "International Championship of Central Se"]
[Site "Paracin, hotel "]
[Date "2013.07.11"]
[Round "8.8"]
[White "Jandric, Damjan"]
[Black "Rajic, Momcilo"]
[Result "0-1"]
[WhiteElo "2058"]
[BlackElo "1824"]
[Annotator "Natasa"]
[PlyCount "51"]
[EventDate "2013.07.05"]

1. e4 e5 2. Bc4 Bc5 3. Nf3 Nc6 4. d3 h6 5. O-O d6 6. c3 Be6 7. Bb5 a6 8. Ba4
Bd7 9. Bb3 Be6 10. Bc2 Bg4 11. h3 Bh5 12. Nbd2 Nf6 13. Re1 g5 14. Nf1 g4 15.
hxg4 Nxg4 16. Ne3 Qf6 17. Nxg4 Bxg4 18. Be3 Rg8 19. Kf1 O-O-O 20. Bxc5 dxc5 21.
Re3 Rg5 22. Ke2 Nd4+ 23. Kd2 Bxf3 24. gxf3 Nc6 25. Qh1 Rdg8 26. Qh3+ {
unreadable} 0-1

[Event "International Championship of Central Se"]
[Site "Paracin, hotel "]
[Date "2013.07.11"]
[Round "8.9"]
[White "Korbovljanovic, Natasa"]
[Black "Radovanovic, Miroljub B"]
[Result "1/2-1/2"]
[WhiteElo "1877"]
[BlackElo "1961"]
[PlyCount "127"]
[EventDate "2013.07.05"]

1. e4 c5 2. d4 cxd4 3. Nf3 Nc6 4. c3 dxc3 5. Nxc3 e6 6. Bc4 Bb4 7. O-O a6 8. a4
Qc7 9. Qe2 Nge7 10. Be3 O-O 11. Nd2 b6 12. f4 d6 13. Rf3 Bxc3 14. bxc3 d5 15.
Bd3 f5 16. e5 Bb7 17. Rh3 g6 18. Nf3 h5 19. Ng5 Nd8 20. Rb1 b5 21. axb5 axb5
22. Bxb5 Bc6 23. Bc5 Rb8 24. Bd3 Rxb1+ 25. Bxb1 Be8 26. Bd6 Qb6+ 27. Re3 Qxb1+
28. Qe1 Qb7 29. Qh4 Kg7 30. Ne4 Ndc6 31. Nc5 Qb1+ 32. Re1 Qb6 33. Bxe7 Nxe7 34.
Qxe7+ Rf7 35. Qd6 Qa7 36. Kh1 Bd7 37. Nxe6+ Bxe6 38. Qxe6 Qf2 39. Rd1 Qxf4 40.
Qxd5 Re7 41. e6 Qe3 42. Qd6 Qxe6 43. Qxe6 Rxe6 44. Kg1 Re2 45. Rd7+ Kf6 46.
Rd6+ Kg5 47. c4 Rc2 48. Rc6 h4 49. h3 Kh5 50. c5 g5 51. Rc8 g4 52. hxg4+ fxg4
53. c6 g3 54. Kf1 Rf2+ 55. Ke1 Rf7 56. c7 Rh7 57. Ke2 Kh6 58. Kf3 Kh5 59. Kf4
Rf7+ 60. Ke5 Rh7 61. Kf6 Kh6 62. Ke5 h3 63. gxh3 g2 64. Rg8 1/2-1/2

[Event "International Championship of Central Se"]
[Site "Paracin, hotel "]
[Date "2013.07.11"]
[Round "8.10"]
[White "Lazovic, Bozidar"]
[Black "Brankovan, Mario"]
[Result "1/2-1/2"]
[WhiteElo "1786"]
[BlackElo "1938"]
[PlyCount "172"]
[EventDate "2013.07.05"]

1. e4 c5 2. Ne2 e6 3. g3 d5 4. Bg2 dxe4 5. Bxe4 Nf6 6. Bg2 Nc6 7. d3 Be7 8. O-O
Qc7 9. Nbc3 O-O 10. Nf4 Ne5 11. Re1 Bd7 12. Qe2 Nc6 13. Ne4 Nxe4 14. dxe4 Nd4
15. Qd1 Rad8 16. c3 Nc6 17. Qc2 g6 18. Be3 Ne5 19. Rad1 Bf6 20. Nd3 Nxd3 21.
Rxd3 c4 22. Rd2 Qa5 23. a3 Ba4 24. Qc1 Qb5 25. Ree2 b6 26. Rxd8 Rxd8 27. Rd2
Qe8 28. Rxd8 Qxd8 29. Qd2 Qxd2 30. Bxd2 a5 31. Be3 Bd8 32. Bf1 Bb3 33. e5 Kf8
34. f4 Ke8 35. Kf2 Kd7 36. Ke1 Kc6 37. Kd2 Ba2 38. Kc1 Be7 39. Bg2+ Kc7 40. Bf3
Bb3 41. Be2 Kd7 42. Bf3 Kc7 43. Be2 b5 44. Bf3 b4 45. axb4 axb4 46. Bd4 bxc3
47. bxc3 Ba4 48. Be2 Ba3+ 49. Kd2 Bb5 50. Bf3 Bc6 51. Be2 Bd5 52. Bd1 Kd7 53.
Ba4+ Bc6 54. Bd1 Be7 55. Be2 Bd5 56. Bd1 Kc7 57. Ba4 Bc6 58. Bd1 Bd7 59. Be2
Bb5 60. Bf3 Ba6 61. Bd1 Kc6 62. Ba4+ Bb5 63. Bd1 Kb7 64. Bf3+ Ka6 65. Be2 Ka5
66. Bd1 Bc6 67. Be2 Kb5 68. Bd1 Be4 69. Ke2 Bd3+ 70. Kd2 Ba3 71. Bf3 h5 72. h4
Bf5 73. Bd1 Be4 74. Be2 Bg2 75. Bd1 Bh3 76. Bc2 Bg4 77. Be4 Bf5 78. Bf3 Bb2 79.
Bd1 Bg4 80. Bc2 Bf5 81. Bd1 Be4 82. Be2 Bf5 83. Bd1 Bd3 84. Bf3 Ba3 85. Bd1 Be7
86. Bf3 Bf5 1/2-1/2

[Event "International Championship of Central Se"]
[Site "Paracin, hotel "]
[Date "2013.07.11"]
[Round "8.11"]
[White "Vasilev, Martin"]
[Black "Boskovic, Maksimilijan"]
[Result "0-1"]
[WhiteElo "1741"]
[BlackElo "1927"]
[PlyCount "96"]
[EventDate "2013.07.05"]

1. e4 e5 2. Nf3 Nc6 3. Bb5 Nd4 4. Nxd4 exd4 5. O-O Bc5 6. d3 c6 7. Bc4 d5 8.
exd5 cxd5 9. Bb3 Ne7 10. Ba4+ Kf8 11. Re1 h5 12. c4 dxc4 13. dxc4 Bg4 14. f3
Bf5 15. Nd2 d3+ 16. Kh1 h4 17. Ne4 h3 18. g3 Bxe4 19. Rxe4 f5 20. Re1 Qd4 21.
Be3 Qxb2 22. Qd2 Qxd2 23. Bxd2 Kf7 24. Rab1 b6 25. Be3 Rac8 26. Bxc5 Rxc5 27.
Rbd1 Rd8 28. Kg1 Nc6 29. f4 Na5 30. Bc2 d2 31. Re2 Nxc4 32. Bb3 Kf6 33. Bxc4
Rxc4 34. Rexd2 Rxd2 35. Rxd2 Rc1+ 36. Kf2 Rh1 37. Kf3 Rf1+ 38. Ke3 Rg1 39. Kf3
Rg2 40. Rxg2 hxg2 41. Kxg2 Ke6 42. Kf3 Kd5 43. a3 a5 44. g4 b5 45. g5 a4 46. h4
b4 47. h5 Ke6 48. Ke3 b3 0-1

[Event "International Championship of Central Se"]
[Site "Paracin, hotel "]
[Date "2013.07.11"]
[Round "8.12"]
[White "Gagic, Miroljub"]
[Black "Djuretanovic, Ivan"]
[Result "0-1"]
[WhiteElo "1849"]
[BlackElo "2042"]
[PlyCount "46"]
[EventDate "2013.07.05"]

1. c4 Nf6 2. Nc3 c6 3. Nf3 d5 4. d3 g6 5. g3 Bg7 6. Bg2 d4 7. Na4 Na6 8. O-O b5
9. cxb5 cxb5 10. Ne5 Bd7 11. Nxd7 Nxd7 12. Bxa8 Qxa8 13. b4 bxa4 14. Qxa4 Qb7
15. Bd2 O-O 16. Rfc1 Nab8 17. Rc2 Nb6 18. Qb3 Nd5 19. f3 Nc3 20. Kf2 Nd7 21.
Bxc3 dxc3 22. e3 Qb5 23. a4 Qxd3 0-1

[Event "International Championship of Central Se"]
[Site "Paracin, hotel "]
[Date "2013.07.11"]
[Round "8.13"]
[White "Ristic, Dejan D"]
[Black "Antic, Nenad"]
[Result "0-1"]
[WhiteElo "1823"]
[BlackElo "2022"]
[PlyCount "94"]
[EventDate "2013.07.05"]

1. c4 e6 2. g3 Nf6 3. d4 d5 4. cxd5 exd5 5. Bg5 Bb4+ 6. Nc3 h6 7. Bxf6 Qxf6 8.
Bh3 O-O 9. Bxc8 Rxc8 10. Nf3 c5 11. O-O Bxc3 12. bxc3 Nd7 13. Qb3 Qc6 14. c4
dxc4 15. Qxc4 b5 16. d5 Qb7 17. Rab1 Rab8 18. Qg4 Nf6 19. Qh3 Nxd5 20. g4 Nf4
21. Qh4 Nxe2+ 22. Kg2 Nd4 23. Qg3 a5 24. Rfe1 Re8 25. Re3 Rxe3 26. fxe3 Nxf3
27. Qxf3 c4 28. Qxb7 Rxb7 29. Kf3 b4 30. Ke4 b3 31. Kd4 bxa2 32. Ra1 Rb2 33.
Kxc4 a4 34. h4 a3 35. g5 hxg5 36. hxg5 Kh7 37. Kd4 Kg6 38. Ke4 Kxg5 39. Rg1+
Kf6 40. Rf1+ Ke6 41. Ra1 g5 42. Kf3 Ke5 43. Kg4 f6 44. Kf3 f5 45. e4 g4+ 46.
Ke3 f4+ 47. Kd3 g3 0-1

[Event "International Championship of Central Se"]
[Site "Paracin, hotel "]
[Date "2013.07.11"]
[Round "8.14"]
[White "Dragojevic, Dragan"]
[Black "Miskovic, Lazar"]
[Result "1-0"]
[WhiteElo "1971"]
[BlackElo "1733"]
[PlyCount "68"]
[EventDate "2013.07.05"]

1. e4 e5 2. Nf3 d6 3. Bc4 Be7 4. d4 Nf6 5. dxe5 Nxe4 6. Qd5 Be6 7. Qxb7 Bxc4 8.
Qxa8 Nc5 9. Nbd2 Ba6 10. b4 Nb7 11. b5 Bxb5 12. Qxb7 Ba6 13. Qxa7 O-O 14. Ba3
c5 15. Rb1 Qa5 16. Bc1 Nc6 17. Qb6 Qa4 18. Qb3 Qa5 19. Qa3 Bd8 20. Kd1 Nb4 21.
Qxa5 Bxa5 22. Nb3 Bc7 23. c3 Nxa2 24. Bd2 dxe5 25. Nxc5 Bc4 26. Kc2 Rd8 27. Rb7
Bd6 28. Rd7 Rxd7 29. Nxd7 e4 30. Nd4 f6 31. Ra1 Ba3 32. Nb6 Bf7 33. Nb3 Bxb3+
34. Kxb3 Bc5 1-0

[Event "International Championship of Central Se"]
[Site "Paracin, hotel "]
[Date "2013.07.11"]
[Round "8.15"]
[White "Jaklin, Damir"]
[Black "Zivanovic, Blagoje"]
[Result "1/2-1/2"]
[WhiteElo "1916"]
[BlackElo "1817"]
[PlyCount "81"]
[EventDate "2013.07.05"]

1. d4 Nf6 2. c4 e5 3. dxe5 Ne4 4. a3 d6 5. Nf3 Nc6 6. e3 Nxe5 7. Be2 Ng6 8.
Nbd2 Nxd2 9. Bxd2 Be7 10. Bc3 O-O 11. O-O Bf6 12. Rc1 Bxc3 13. Rxc3 Bg4 14. h3
Bxf3 15. Bxf3 Ne5 16. Be2 Qe7 17. Qc2 Rfe8 18. Rd1 c6 19. f4 Ng6 20. g3 Rad8
21. Bf3 Nf8 22. Kg2 Nd7 23. b4 Nf6 24. g4 h6 25. Kg3 g5 26. Qf5 Ne4+ 27. Bxe4
Qxe4 28. Qxe4 Rxe4 29. Kf3 Re7 30. Rcd3 Red7 31. e4 Kf8 32. h4 f6 33. e5 fxe5
34. fxe5 d5 35. hxg5 hxg5 36. Ke3 Ke7 37. cxd5 Rxd5 38. Rxd5 Rxd5 39. Rxd5 cxd5
40. a4 Kd7 41. Kd3 1/2-1/2

[Event "International Championship of Central Se"]
[Site "Paracin, hotel "]
[Date "2013.07.11"]
[Round "8.17"]
[White "Marjanovics, Gyorgy"]
[Black "Majcen, Zoran"]
[Result "0-1"]
[WhiteElo "2069"]
[BlackElo "1848"]
[PlyCount "102"]
[EventDate "2013.07.05"]

1. e4 e6 2. d4 d5 3. Nc3 dxe4 4. Nxe4 Nd7 5. Nf3 Be7 6. Bd3 Ngf6 7. Nxf6+ Nxf6
8. Qe2 O-O 9. Bg5 c5 10. dxc5 Qa5+ 11. c3 Qxc5 12. O-O Rd8 13. Rad1 Bd7 14. Ne5
Be8 15. Rd2 Nd7 16. b4 Qxe5 17. Bxe7 Qxe2 18. Bxe2 Rdc8 19. c4 Ne5 20. c5 Nc6
21. Bd6 Nxb4 22. Rb1 Na6 23. Bxa6 bxa6 24. Rb4 a5 25. Rg4 f6 26. Rd3 a6 27.
Rdg3 Ra7 28. Rb3 a4 29. Rb6 Bb5 30. f3 e5 31. Kf2 Kf7 32. Ke3 g6 33. Rb4 Rd7
34. Ke4 f5+ 35. Kd5 Rcd8 36. a3 Kg7 37. R4xb5 axb5 38. Ke6 e4 39. fxe4 fxe4 40.
Rxb5 e3 41. Rb2 Rf7 42. Re2 Re8+ 43. Kd5 Rf2 44. Re1 Rd2+ 45. Kc4 e2 46. Kb4
Rd1 47. Bg3 Rxe1 48. Bxe1 Kf7 49. Kb5 Rb8+ 50. Ka6 Ke8 51. Ka5 Rb1 0-1

[Event "International Championship of Central Se"]
[Site "Paracin, hotel "]
[Date "2013.07.11"]
[Round "8.18"]
[White "Majstorovic, Dusan"]
[Black "Nikolovska, Dragana"]
[Result "1-0"]
[WhiteElo "2025"]
[BlackElo "1848"]
[PlyCount "101"]
[EventDate "2013.07.05"]

1. e4 c5 2. Nc3 Nc6 3. g3 g6 4. Bg2 Bg7 5. d3 e6 6. Be3 d6 7. Qd2 Nd4 8. f4 Ne7
9. Nd1 O-O 10. c3 Ndc6 11. Nf3 Rb8 12. g4 f5 13. gxf5 exf5 14. h4 h5 15. Nf2 b5
16. O-O b4 17. d4 bxc3 18. bxc3 fxe4 19. Nxe4 Nf5 20. dxc5 Nxe3 21. Qxe3 Re8
22. Qd3 dxc5 23. Qc4+ Kh8 24. Nfg5 Rf8 25. Nxc5 Qd2 26. Rf2 Qxc3 27. Rc1 Qxc4
28. Rxc4 Bd4 29. Bxc6 Bxf2+ 30. Kxf2 Rb2+ 31. Ke3 Rxa2 32. Bd7 Bxd7 33. Nxd7
Re8+ 34. Ne5 a5 35. Rc7 Ra3+ 36. Kd2 Kg8 37. Ne4 Rd8+ 38. Kc2 Rf8 39. Nxg6 Rf7
40. Rc5 a4 41. f5 Rh3 42. Ng5 Rh2+ 43. Kc3 Rb7 44. f6 Rb3+ 45. Kd4 Rd2+ 46. Ke4
Re2+ 47. Kf5 Rf2+ 48. Nf4 Rb8 49. Rc7 a3 50. Rg7+ Kh8 51. Nf7# 1-0

[Event "International Championship of Central Se"]
[Site "Paracin, hotel "]
[Date "2013.07.11"]
[Round "8.19"]
[White "Stojadinovic, Tomislav"]
[Black "Stojkovic, Zoran"]
[Result "0-1"]
[WhiteElo "1871"]
[BlackElo "2005"]
[PlyCount "72"]
[EventDate "2013.07.05"]

1. d4 Nf6 2. c4 g6 3. Nc3 Bg7 4. e4 O-O 5. Nf3 c5 6. Be2 cxd4 7. Nxd4 Nc6 8.
Be3 d6 9. O-O a6 10. Rb1 e5 11. Nc2 Be6 12. f3 Qc7 13. Qd2 Rfe8 14. Rfd1 Rad8
15. Bf1 Ne7 16. b3 Nh5 17. g4 Nf4 18. Bxf4 exf4 19. Ne2 g5 20. Ned4 Ng6 21.
Nxe6 fxe6 22. Bg2 Kf7 23. Ne1 Rh8 24. h3 h5 25. Qe2 hxg4 26. fxg4 Ne5 27. Nf3
Qc5+ 28. Kf1 Nc6 29. e5 Nxe5 30. Nxg5+ Ke7 31. Nf3 Rdf8 32. Re1 Rh6 33. Qe4 Qc6
34. Qxc6 bxc6 35. g5 Rh5 36. Nd4 f3 0-1

[Event "International Championship of Central Se"]
[Site "Paracin, hotel "]
[Date "2013.07.11"]
[Round "8.20"]
[White "Milosavljevic, Delimir"]
[Black "Milanovic, Maja"]
[Result "1-0"]
[WhiteElo "1827"]
[BlackElo "1969"]
[Annotator ",ja"]
[PlyCount "60"]
[EventDate "2013.07.05"]

1. c4 e5 2. Nc3 Nc6 3. Nf3 f5 4. d3 Bb4 5. Bd2 Nf6 6. g3 O-O 7. Bg2 Kh8 8. O-O
Bxc3 9. Bxc3 d6 10. e3 Qe8 11. Nd2 f4 12. exf4 exf4 13. d4 Qg6 14. Re1 Ng4 15.
Ne4 Qh6 16. h3 Nf6 17. g4 Nxe4 18. Rxe4 f3 19. Qxf3 Bd7 20. Qg3 Rae8 21. f4
Rxe4 22. Bxe4 Qxf4 23. Qxf4 Rxf4 24. Rf1 Kg8 25. b4 Nd8 26. Kg2 Bc6 27. d5 Bd7
28. Kg3 Rf8 29. c5 dxc5 30. bxc5 Re8 {unreadable} 1-0

[Event "International Championship of Central Se"]
[Site "Paracin, hotel "]
[Date "2013.07.11"]
[Round "8.21"]
[White "Jakovljevic, Dejan"]
[Black "Rakic, Ognjan"]
[Result "0-1"]
[WhiteElo "1964"]
[BlackElo "1768"]
[PlyCount "66"]
[EventDate "2013.07.05"]

1. e4 e6 2. b3 d5 3. Bb2 Nf6 4. e5 Nfd7 5. f4 g6 6. Nc3 a6 7. Qg4 c5 8. Nf3 Nc6
9. Be2 Be7 10. O-O Nb6 11. Rae1 Bd7 12. Nd1 Nb4 13. Ne3 d4 14. c3 dxe3 15. cxb4
Nd5 16. Bc4 exd2 17. Nxd2 Bb5 18. Ne4 h5 19. Qe2 O-O 20. g4 Bxc4 21. bxc4 Nxb4
22. gxh5 Kg7 23. Rf2 Bh4 24. Ng3 Qd3 25. Qg4 Bxg3 26. hxg3 Qf5 27. Qf3 gxh5 28.
Rg2 Rh8 29. g4 hxg4 30. Rxg4+ Kf8 31. Re2 Qb1+ 32. Kg2 Nd3 33. Qf1 Rh2+ 0-1

[Event "International Championship of Central Se"]
[Site "Paracin, hotel "]
[Date "2013.07.11"]
[Round "8.22"]
[White "Kostic, Marko G"]
[Black "Injac, Teodora"]
[Result "1/2-1/2"]
[WhiteElo "1937"]
[BlackElo "1713"]
[PlyCount "101"]
[EventDate "2013.07.05"]

1. e4 e6 2. d4 d5 3. Nc3 Nf6 4. Bg5 Be7 5. e5 Ne4 6. Nxe4 Bxg5 7. Nxg5 Qxg5 8.
Nf3 Qe7 9. c3 O-O 10. Be2 b6 11. O-O Ba6 12. Bxa6 Nxa6 13. Qa4 Nb8 14. Rfe1 c5
15. Rac1 Nd7 16. Qc2 Rac8 17. Qd2 b5 18. Rc2 Nb6 19. b3 Rc7 20. Rec1 Ra8 21.
Ne1 a5 22. Nd3 c4 23. Nc5 cxb3 24. axb3 a4 25. Ra2 axb3 26. Rxa8+ Nxa8 27. Nxb3
Nb6 28. Ra1 Ra7 29. Qc1 h6 30. Nc5 Nc4 31. h3 Rxa1 32. Qxa1 Nxe5 33. Qa8+ Kh7
34. Qb8 Nc4 35. Qxb5 Qg5 36. Qb1+ Kg8 37. Qb8+ Kh7 38. Qc7 Qf5 39. Nd7 h5 40.
Qg3 Kh6 41. Nc5 Qb1+ 42. Kh2 Qg6 43. Qf4+ Kh7 44. Nd7 Qf5 45. Nf8+ Kg8 46. Qb8
Qxf2 47. Nxe6+ Kh7 48. Qf8 Qf6 49. Nc5 Qf4+ 50. Kg1 Qc1+ 51. Kh2 1/2-1/2

[Event "International Championship of Central Se"]
[Site "Paracin, hotel "]
[Date "2013.07.11"]
[Round "8.23"]
[White "Marjanovic, Toplica"]
[Black "Kosir, Franci"]
[Result "0-1"]
[WhiteElo "1830"]
[BlackElo "1934"]
[PlyCount "106"]
[EventDate "2013.07.05"]

1. d4 Nf6 2. f4 d5 3. e3 g6 4. Nf3 Bg7 5. Be2 O-O 6. O-O c5 7. c3 b6 8. a4 Qc7
9. Na3 Bb7 10. Ne5 Ne4 11. Bd2 f6 12. Nf3 Nd7 13. Rc1 Rad8 14. Bd3 e5 15. fxe5
fxe5 16. Bxe4 dxe4 17. Ng5 Rxf1+ 18. Qxf1 Nf8 19. Nb5 Qd7 20. Nh3 a6 21. Na3
exd4 22. exd4 e3 23. Re1 cxd4 24. cxd4 Bxd4 25. Qc4+ Qf7 26. Qxf7+ Kxf7 27.
Bxe3 Bxe3+ 28. Rxe3 Rd2 29. Nf4 Rxb2 30. Nc4 Rb1+ 31. Kf2 g5 32. Nd3 Bd5 33.
Nd2 Rd1 34. Ke2 Ra1 35. Rg3 Kf6 36. Nb4 Bb7 37. Rg4 Ne6 38. h4 Kf5 39. Rg3 Rxa4
40. Nc2 Nf4+ 41. Kf2 h6 42. hxg5 hxg5 43. Ne3+ Kf6 44. Ng4+ Kf5 45. Ne3+ Kg6
46. Nec4 Ra2 47. Rb3 Ra4 48. Ne3 Bxg2 49. Nec4 b5 50. Ne5+ Kf5 51. Nd7 Bd5 52.
Nc5 b4 53. Ke3 Ne6 0-1

[Event "International Championship of Central Se"]
[Site "Paracin, hotel "]
[Date "2013.07.11"]
[Round "8.24"]
[White "Mijajlovic, Milutin"]
[Black "Bozilov, Dragan"]
[Result "0-1"]
[WhiteElo "1757"]
[BlackElo "1930"]
[Annotator ",ja"]
[PlyCount "32"]
[EventDate "2013.07.05"]

1. e4 c6 2. Nc3 d5 3. exd5 cxd5 4. d4 Nf6 5. h3 Bf5 6. Nf3 a6 7. Bd3 Bxd3 8.
Qxd3 e6 9. a3 Bd6 10. Be3 Nc6 11. Bg5 h6 12. Bxf6 Qxf6 13. O-O-O O-O 14. g4 b5
15. Ne2 Qe7 16. h4 g6 {unreadable} 0-1